000 00409nam a22001697a 4500
003 MPLRDC
005 20220104144347.0
008 210129b ||||| |||| 00| 0 eng d
082 _a677.29 GS c.2
100 _a郭生
245 _a台湾内望
_c
250 _a初版
260 _a
_b七十年代杂志社
_c1975
300 _b
650 _a台湾史地--二次大战后
942 _cBK
_o677.29 GS c.2
999 _c48858
_d48848